The steel crocodile /

Bibliographic Details
Main Author: Compton, D. G. (David Guy), 1930-
Other Authors: Hartwell, David G.
Format: Book
Language:English
Published: Boston : Gregg Press, 1976.
Series:Gregg Press science fiction series.

MARC

Tag First Indicator Second Indicator Subfields
LEADER 00000pam a2200000 i 4500
001 in00000094895
005 20150927110601.0
008 760325r19761970mau b 00011 eng
010 |a  76010754  
020 |a 0839823274 
035 |a (OCoLC)02391193 
035 |9 AAL6771AM 
040 |a DLC  |c DLC  |d TXA  |d UtOrBLW 
049 |a TXAS  |c [1102312] 
050 0 0 |a PZ4.C7375  |b St6  |a PR6053.O45 
082 0 |a 823/.9/14 
100 1 |a Compton, D. G.  |q (David Guy),  |d 1930- 
245 1 4 |a The steel crocodile /  |c D. G. Compton ; with a new introd. by David G. Hartwell. 
264 1 |a Boston :  |b Gregg Press,  |c 1976. 
300 |a xiv, 222 pages ;  |c 21 cm. 
336 |a text  |b txt  |2 rdacontent 
337 |a unmediated  |b n  |2 rdamedia 
338 |a volume  |b nc  |2 rdacarrier 
490 1 |a Gregg Press science fiction series 
500 |a Reprint of the 1970 edition published by Hodder and Stoughton, London, under title: The electric crocodile. 
504 |a Includes bibliographical references. 
700 1 |a Hartwell, David G. 
830 0 |a Gregg Press science fiction series. 
999 |a MARS 
999 f f |s 71557c10-9f86-3221-98e4-391e5babbcfd  |i 62f4b9ed-7870-3c1a-8759-30770302c46b  |t 0 
952 f f |p noncirc  |a Texas A&M University  |b College Station  |c Cushing Memorial Library & Archives  |d Cushing: Science Fiction (Does not check out)  |t 0  |e PZ4.C7375 St6  |h Library of Congress classification  |i unmediated -- volume  |m A14800439793 
998 f f |a PZ4.C7375 St6  |t 0  |l Cushing: Science Fiction (Does not check out)